[Event "SRB-chT2 West"]
[Site "Arandjelovac"]
[Date "2018.09.07"]
[Round "1.1"]
[White "Begus, Drasko"]
[Black "Ilic, Zdravko"]
[Result "1-0"]
[WhiteElo "2269"]
[BlackElo "2163"]
[PlyCount "89"]
[EventDate "2018.09.07"]
[EventType "team-tourn"]
[EventRounds "11"]
[EventCountry "SRB"]
[SourceTitle "EXT 2021"]
[Source "ChessBase"]
[SourceDate "2020.10.23"]
[SourceVersion "1"]
[SourceVersionDate "2020.10.23"]
[SourceQuality "1"]
[WhiteTeam "Krupanj"]
[BlackTeam "Lipnicki Sor Sloga"]
[WhiteTeamCountry "SRB"]
[BlackTeamCountry "SRB"]

1. d4 Nf6 2. g3 g6 3. Bg2 Bg7 4. e4 d6 5. Nc3 0-0 6. Nge2 c6 7. a4 Nbd7 8. h3 Qc7 9. 0-0 e5 10. Be3 Re8 11. f4 exd4 12. Bxd4 a6 13. g4 b6 14. g5 Nh5 15. Bxg7 Nxg7 16. Qd2 Nc5 17. Rad1 Nb7 18. Ng3 b5 19. Qf2 b4 20. Nce2 Rb8 21. b3 c5 22. f5 Nd8 23. Nf4 Bb7 24. Qd2 Re5 25. Qxd6 Qxd6 26. Rxd6 gxf5 27. Nd3 Re6 28. Rxe6 Ndxe6 29. exf5 Bxg2 30. Kxg2 Nd4 31. Nxc5 Nxc2 32. Rf4 a5 33. Nd7 Rd8 34. Nf6+ Kf8 35. Nxh7+ Kg8 36. Nf6+ Kf8 37. h4 Rd2+ 38. Kh3 Rd3 39. h5 Nd4 40. Kg4 Nxh5 41. Ngxh5 Nxb3 42. g6 fxg6 43. fxg6 Rd8 44. g7+ Ke7 45. Ne8 1-0

[Event "Srpska Republic-chT 1st League"]
[Site "Banja Dvorovi"]
[Date "2018.08.04"]
[Round "1.2"]
[White "Topic, Dragan"]
[Black "Ilic, Zdravko"]
[Result "1/2-1/2"]
[WhiteElo "2209"]
[BlackElo "2146"]
[PlyCount "20"]
[EventDate "2018.08.04"]
[EventType "team-tourn"]
[EventRounds "9"]
[EventCountry "BIH"]
[SourceTitle "CBM 186 Extra"]
[Source "ChessBase"]
[SourceDate "2018.08.24"]
[SourceVersion "1"]
[SourceVersionDate "2018.08.24"]
[SourceQuality "1"]
[WhiteTeam "Brcko Jedinstvo"]
[BlackTeam "Zvornik Drina"]
[WhiteTeamCountry "BIH"]
[BlackTeamCountry "BIH"]

1. e4 d6 2. d4 Nf6 3. Nc3 c6 4. h3 Nbd7 5. Nf3 e5 6. Be2 Qc7 7. 0-0 a6 8. Be3 b5 9. a3 c5 10. dxe5 dxe5 1/2-1/2

[Event "SRB-chT2 West"]
[Site "Kragujevac"]
[Date "2017.10.05"]
[Round "6"]
[White "Ilic, Zdravko"]
[Black "Nikolic, Vojkan"]
[Result "1/2-1/2"]
[WhiteElo "2145"]
[BlackElo "2105"]
[PlyCount "26"]
[EventDate "2017.09.08"]
[EventType "team-tourn"]
[EventRounds "11"]
[EventCountry "SRB"]
[SourceTitle "EXT 2022"]
[Source "ChessBase"]
[SourceDate "2021.10.06"]
[SourceVersion "1"]
[SourceVersionDate "2021.10.06"]
[SourceQuality "1"]

1. e4 c5 2. Nf3 g6 3. c4 Nc6 4. Nc3 Bg7 5. g3 d6 6. Bg2 Nf6 7. 0-0 Bg4 8. h3 Bxf3 9. Bxf3 0-0 10. Bg2 Re8 11. Rb1 a6 12. a4 Nd7 13. f4 Nd4 1/2-1/2

[Event "SRB-chT2 West"]
[Site "Kragujevac"]
[Date "2015.10.11"]
[Round "11.2"]
[White "Ilic, Zdravko"]
[Black "Jovanovic, Obrad"]
[Result "1-0"]
[WhiteElo "2131"]
[BlackElo "2080"]
[PlyCount "221"]
[EventDate "2015.09.04"]
[EventType "team-tourn"]
[EventRounds "11"]
[EventCountry "SRB"]
[SourceTitle "EXT 2022"]
[Source "ChessBase"]
[SourceDate "2021.10.06"]
[SourceVersion "1"]
[SourceVersionDate "2021.10.06"]
[SourceQuality "1"]

1. d4 c5 2. d5 Nf6 3. c4 g6 4. Nc3 Bg7 5. e4 d6 6. f4 0-0 7. Nf3 a6 8. a4 Qc7 9. Bd3 e6 10. 0-0 exd5 11. exd5 Bg4 12. h3 Bxf3 13. Qxf3 Nbd7 14. Bd2 Rfe8 15. Kh2 Re7 16. Rfe1 Rae8 17. Rxe7 Rxe7 18. Re1 Qd8 19. Rxe7 Qxe7 20. Qe3 Kf8 21. g3 Ne8 22. Qxe7+ Kxe7 23. Kg2 b6 24. Kf3 h5 25. g4 hxg4+ 26. hxg4 Bd4 27. b3 Bg7 28. Ne2 Bf6 29. g5 Bg7 30. a5 bxa5 31. Bxa5 Bh8 32. Ng3 Bb2 33. Ne2 Bg7 34. Ng3 Bd4 35. Bf1 Bb2 36. Bh3 Bh8 37. Ne4 Bg7 38. Nf2 Bd4 39. Nd3 Bg7 40. f5 gxf5 41. Bxf5 Bd4 42. Bg4 Bg7 43. Be1 Nb6 44. Ba5 Nd7 45. Ke4 Bd4 46. Be1 Bg7 47. Bh4 Nb6 48. Be1 Bd4 49. Ba5 Nd7 50. Bd2 Bg7 51. Bxd7 Kxd7 52. Nf4 Bd4 53. Nh5 Bb2 54. Kf5 Ng7+ 55. Kg4 Nxh5 56. Kxh5 Be5 57. Kh6 Ke7 58. Kh7 Kf8 59. Be1 Ke7 60. Kg8 Ke8 61. Bd2 Ke7 62. Be3 Ke8 63. Bc1 Ke7 64. Bd2 Ke8 65. Kh7 Kd7 66. Be3 Ke7 67. g6 fxg6 68. Kxg6 Bc3 69. Bg5+ Ke8 70. Kf5 Bg7 71. Ke4 Bc3 72. Kd3 Bb4 73. Kc2 Be1 74. Bd2 Bg3 75. Kb2 Kd7 76. Ka3 Kc7 77. Ka4 Bh2 78. Bc3 Bf4 79. Ba5+ Kb7 80. Bd8 Be5 81. Ba5 Bf4 82. Bc3 Bg3 83. Ka3 Bf4 84. Kb2 Kc7 85. Kc2 Kd7 86. Kd3 Bg3 87. Ke4 Ke7 88. Kf5 Kd7 89. Bd2 Be5 90. Bf4 Bc3 91. Ke4 Bb4 92. Kd3 Be1 93. Be3 Bh4 94. Bd2 Bg3 95. Ke4 Be5 96. b4 cxb4 97. c5 b3 98. c6+ Kc8 99. Kd3 Kc7 100. Ba5+ Kc8 101. Bb4 Kc7 102. Kd2 Bd4 103. Kd3 Be5 104. Bc3 Bf4 105. Kc4 Be3 106. Ba5+ Kc8 107. Kxb3 Bf2 108. Kc4 Kb8 109. Kd3 Bh4 110. Ke4 Bf2 111. Kf5 1-0

[Event "SRB-chT2 West"]
[Site "Kragujevac"]
[Date "2015.10.10"]
[Round "9.4"]
[White "Ilic, Zdravko"]
[Black "Kotlaja, Nikola"]
[Result "1-0"]
[WhiteElo "2131"]
[BlackElo "1632"]
[PlyCount "45"]
[EventDate "2015.09.04"]
[EventType "team-tourn"]
[EventRounds "11"]
[EventCountry "SRB"]
[SourceTitle "EXT 2022"]
[Source "ChessBase"]
[SourceDate "2021.10.06"]
[SourceVersion "1"]
[SourceVersionDate "2021.10.06"]
[SourceQuality "1"]

1. e4 e6 2. d4 d5 3. e5 c5 4. c3 Nc6 5. Be3 cxd4 6. cxd4 Bb4+ 7. Nc3 Nge7 8. Bd3 Nxe5 9. dxe5 d4 10. Bb5+ Nc6 11. Bxc6+ bxc6 12. Qxd4 Qxd4 13. Bxd4 c5 14. Be3 0-0 15. Nge2 Ba6 16. a3 Bxe2 17. Kxe2 Bxc3 18. bxc3 c4 19. Rab1 a6 20. Rb4 Rfc8 21. Rd1 Rc6 22. Rd7 Kf8 23. Rbb7 1-0

[Event "BIH-chT Seniors"]
[Site "Mosko"]
[Date "2015.08.13"]
[Round "4"]
[White "Maric, Bozo"]
[Black "Ilic, Zdravko"]
[Result "1-0"]
[WhiteElo "2224"]
[BlackElo "2132"]
[PlyCount "91"]
[EventDate "2015.08.10"]
[EventType "team-tourn"]
[EventRounds "9"]
[EventCountry "BIH"]
[SourceTitle "EXT 2016"]
[Source "ChessBase"]
[SourceDate "2015.10.08"]
[SourceVersion "1"]
[SourceVersionDate "2015.10.08"]
[SourceQuality "1"]

1. d4 Nf6 2. c4 d6 3. Nf3 Na6 4. g3 c6 5. Bg2 Rb8 6. 0-0 b5 7. Nbd2 e6 8. e4 Nd7 9. e5 bxc4 10. exd6 Bxd6 11. Nxc4 Bc7 12. Bg5 f6 13. Be3 Nb4 14. Nfd2 0-0 15. a3 Nd5 16. Qc2 Bb7 17. Ne4 Qe7 18. Rfe1 Rfc8 19. b4 f5 20. Bg5 Qf8 21. Nc3 Qf7 22. Bc1 Ba6 23. Bf1 Bxc4 24. Bxc4 f4 25. Ne4 h6 26. Bb2 a5 27. Bc3 Ra8 28. bxa5 N7f6 29. Nxf6+ Qxf6 30. a6 Kh8 31. Bb2 Rf8 32. Re4 Qg5 33. Rae1 fxg3 34. hxg3 Ba5 35. Rf1 Rf6 36. Bc1 Qg6 37. Bd3 Qe8 38. Bd2 Bb6 39. Bb4 Qd7 40. Bc5 Ba5 41. Rh4 Qf7 42. Bd6 Rf3 43. Be5 Kg8 44. Bh7+ Kh8 45. Rxh6 Ne3 46. Bg6+ 1-0